[Event "DEM U16w 2023"]
[Site "Willingen GER"]
[Date "2023.05.29"]
[Round "3"]
[White "Bursan, Ana-Maria"]
[Black "Wilmink, Anna"]
[Result "0-1"]
[Termination "normal"]
[Board "5"]
[WhiteElo "1412"]
[BlackElo "1734"]
[WhiteClock "00:15:00"]
[BlackClock "00:24:30"]
[PlyCount "128"]
[WhiteFideId "34620150"]
[BlackFideId "16273680"]
[EventCountry "GER"]
[EventRounds "9"]
[EventType "swiss"]
[EventDate "2023.05.27"]

1. d4 {[%clk 01:30:54]} {[%emt 00:00:07]} Nf6 {[%clk 01:30:51]} {[%emt
00:00:14]} 2. Nf3 {[%clk 01:31:10]} {[%emt 00:00:24]} d5 {[%clk 01:31:12]}
{[%emt 00:00:12]} 3. Bf4 {[%clk 01:31:25]} {[%emt 00:00:18]} c5 {[%clk
01:31:21]} {[%emt 00:00:18]} 4. e3 {[%clk 01:31:10]} {[%emt 00:00:26]} Nc6
{[%clk 01:31:29]} {[%emt 00:00:21]} 5. h3 {[%clk 01:29:17]} {[%emt 00:02:23]}
Qb6 {[%clk 01:28:37]} {[%emt 00:03:22]} 6. Nc3 {[%clk 01:25:19]} {[%emt
00:04:27]} a6 {[%clk 01:15:17]} {[%emt 00:13:51]} 7. a3 {[%clk 01:12:45]}
{[%emt 00:13:04]} c4 {[%clk 01:10:51]} {[%emt 00:04:57]} 8. b3 {[%clk
01:06:15]} {[%emt 00:07:00]} Qa5 {[%clk 01:00:08]} {[%emt 00:11:13]} 9. b4
{[%clk 01:00:12]} {[%emt 00:06:33]} Qd8 {[%clk 00:59:50]} {[%emt 00:00:47]} 10.
Be2 {[%clk 00:55:58]} {[%emt 00:04:44]} e6 {[%clk 00:50:55]} {[%emt 00:09:25]}
11. O-O {[%clk 00:52:34]} {[%emt 00:03:54]} Na7 {[%clk 00:47:45]} {[%emt
00:03:40]} 12. Ne5 {[%clk 00:47:22]} {[%emt 00:05:40]} Nb5 {[%clk 00:45:00]}
{[%emt 00:03:16]} 13. Nxb5 {[%clk 00:40:20]} {[%emt 00:07:31]} axb5 {[%clk
00:45:21]} {[%emt 00:00:10]} 14. Bf3 {[%clk 00:35:47]} {[%emt 00:05:02]} Be7
{[%clk 00:42:12]} {[%emt 00:03:39]} 15. Re1 {[%clk 00:33:22]} {[%emt 00:02:55]}
O-O {[%clk 00:37:00]} {[%emt 00:05:42]} 16. c3 {[%clk 00:30:58]} {[%emt
00:02:53]} Bd7 {[%clk 00:34:54]} {[%emt 00:02:37]} 17. Qc2 {[%clk 00:29:27]}
{[%emt 00:02:01]} Ra4 {[%clk 00:26:16]} {[%emt 00:09:09]} 18. e4 {[%clk
00:25:05]} {[%emt 00:04:51]} Bc6 {[%clk 00:25:36]} {[%emt 00:01:10]} 19. exd5
{[%clk 00:21:22]} {[%emt 00:04:14]} Bxd5 {[%clk 00:25:45]} {[%emt 00:00:21]}
20. Re3 {[%clk 00:20:06]} {[%emt 00:01:45]} Qa8 {[%clk 00:21:03]} {[%emt
00:05:12]} 21. Nd7 {[%clk 00:16:45]} {[%emt 00:03:51]} Nxd7 {[%clk 00:17:09]}
{[%emt 00:04:24]} 22. Bxd5 {[%clk 00:17:06]} {[%emt 00:00:08]} Bxb4 {[%clk
00:15:09]} {[%emt 00:02:31]} 23. Bxb7 {[%clk 00:15:43]} {[%emt 00:01:53]} Qxb7
{[%clk 00:15:21]} {[%emt 00:00:17]} 24. cxb4 {[%clk 00:15:52]} {[%emt
00:00:21]} Qd5 {[%clk 00:15:05]} {[%emt 00:00:46]} 25. Qd2 {[%clk 00:14:54]}
{[%emt 00:01:28]} Nf6 {[%clk 00:14:14]} {[%emt 00:01:20]} 26. Be5 {[%clk
00:12:26]} {[%emt 00:02:58]} Nd7 {[%clk 00:13:42]} {[%emt 00:01:03]} 27. Bf4
{[%clk 00:11:01]} {[%emt 00:01:55]} Kh8 {[%clk 00:12:58]} {[%emt 00:01:15]} 28.
Rae1 {[%clk 00:10:02]} {[%emt 00:01:28]} Rfa8 {[%clk 00:12:43]} {[%emt
00:00:46]} 29. Ra1 {[%clk 00:08:40]} {[%emt 00:01:52]} f6 {[%clk 00:10:50]}
{[%emt 00:02:23]} 30. Rg3 {[%clk 00:07:55]} {[%emt 00:01:14]} e5 {[%clk
00:09:54]} {[%emt 00:01:26]} 31. dxe5 {[%clk 00:06:54]} {[%emt 00:01:31]} Qxd2
{[%clk 00:10:14]} {[%emt 00:00:10]} 32. Bxd2 {[%clk 00:07:07]} {[%emt
00:00:16]} Nxe5 {[%clk 00:10:31]} {[%emt 00:00:14]} 33. Rc3 {[%clk 00:05:27]}
{[%emt 00:02:10]} Rxb4 {[%clk 00:10:02]} {[%emt 00:00:59]} 34. Rcc1 {[%clk
00:04:47]} {[%emt 00:01:10]} Rb3 {[%clk 00:09:29]} {[%emt 00:01:03]} 35. Rc3
{[%clk 00:02:30]} {[%emt 00:02:47]} Rxc3 {[%clk 00:08:47]} {[%emt 00:01:12]}
36. Bxc3 {[%clk 00:02:51]} {[%emt 00:00:08]} Nd3 {[%clk 00:08:52]} {[%emt
00:00:26]} 37. Kf1 {[%clk 00:02:13]} {[%emt 00:01:08]} Kg8 {[%clk 00:08:46]}
{[%emt 00:00:35]} 38. Ke2 {[%clk 00:01:17]} {[%emt 00:01:26]} Kf7 {[%clk
00:08:46]} {[%emt 00:00:31]} 39. f3 {[%clk 00:01:03]} {[%emt 00:00:45]} Nf4+
{[%clk 00:08:13]} {[%emt 00:01:02]} 40. Kf1 {[%clk 00:01:03]} {[%emt 00:00:30]}
Kg6 {[%clk 00:06:06]} {[%emt 00:02:37]} 41. Bb4 {[%clk 00:00:49]} {[%emt
00:00:44]} Nd3 {[%clk 00:26:51]} {[%emt 00:09:45]} 42. Bd6 {[%clk 00:26:43]}
{[%emt 00:04:35]} b4 {[%clk 00:25:57]} {[%emt 00:01:24]} 43. Ke2 {[%clk
00:22:02]} {[%emt 00:05:11]} Ra6 {[%clk 00:25:05]} {[%emt 00:01:23]} 44. Bc7
{[%clk 00:16:59]} {[%emt 00:05:32]} b3 {[%clk 00:21:59]} {[%emt 00:03:36]} 45.
g4 {[%clk 00:15:24]} {[%emt 00:02:04]} b2 {[%clk 00:21:15]} {[%emt 00:01:15]}
46. Rb1 {[%clk 00:14:27]} {[%emt 00:01:27]} Rxa3 {[%clk 00:21:38]} {[%emt
00:00:08]} 47. h4 {[%clk 00:13:53]} {[%emt 00:01:03]} Ra1 {[%clk 00:21:54]}
{[%emt 00:00:15]} 48. h5+ {[%clk 00:13:56]} {[%emt 00:00:25]} Kf7 {[%clk
00:21:51]} {[%emt 00:00:34]} 49. Rxb2 {[%clk 00:13:19]} {[%emt 00:01:07]} Nxb2
{[%clk 00:22:14]} {[%emt 00:00:06]} 50. f4 {[%clk 00:13:13]} {[%emt 00:00:36]}
c3 {[%clk 00:21:43]} {[%emt 00:01:01]} 51. f5 {[%clk 00:12:48]} {[%emt
00:00:55]} Ra4 {[%clk 00:21:21]} {[%emt 00:00:53]} 52. Kf3 {[%clk 00:12:45]}
{[%emt 00:00:33]} c2 {[%clk 00:21:37]} {[%emt 00:00:14]} 53. Bf4 {[%clk
00:12:43]} {[%emt 00:00:31]} Rxf4+ {[%clk 00:21:58]} {[%emt 00:00:09]} 54. Kxf4
{[%clk 00:13:08]} {[%emt 00:00:05]} c1=Q+ {[%clk 00:22:20]} {[%emt 00:00:09]}
55. Kf3 {[%clk 00:13:14]} {[%emt 00:00:24]} Qe1 {[%clk 00:22:10]} {[%emt
00:00:40]} 56. h6 {[%clk 00:13:10]} {[%emt 00:00:34]} gxh6 {[%clk 00:22:29]}
{[%emt 00:00:12]} 57. g5 {[%clk 00:12:53]} {[%emt 00:00:46]} fxg5 {[%clk
00:22:52]} {[%emt 00:00:07]} 58. f6 {[%clk 00:13:16]} {[%emt 00:00:07]} Kxf6
{[%clk 00:23:14]} {[%emt 00:00:09]} 59. Kg4 {[%clk 00:13:38]} {[%emt 00:00:08]}
Qf2 {[%clk 00:23:01]} {[%emt 00:00:43]} 60. Kh3 {[%clk 00:13:43]} {[%emt
00:00:25]} Qf3+ {[%clk 00:23:13]} {[%emt 00:00:18]} 61. Kh2 {[%clk 00:13:59]}
{[%emt 00:00:12]} Qg4 {[%clk 00:23:27]} {[%emt 00:00:18]} 62. Kh1 {[%clk
00:14:18]} {[%emt 00:00:10]} Nd3 {[%clk 00:23:42]} {[%emt 00:00:16]} 63. Kh2
{[%clk 00:14:40]} {[%emt 00:00:07]} Ne1 {[%clk 00:24:03]} {[%emt 00:00:09]} 64.
Kh1 {[%clk 00:15:00]} {[%emt 00:00:09]} Qg2# {[%clk 00:24:30]} {[%emt
00:00:04]} 0-1

[Event "DEM U16w 2023"]
[Site "Willingen GER"]
[Date "2023.05.29"]
[Round "3"]
[White "Prinzen, Siri Marleen"]
[Black "Petrosyan, Ani"]
[Result "1-0"]
[Termination "normal"]
[Board "6"]
[WhiteElo "1724"]
[BlackElo "1370"]
[WhiteClock "00:05:42"]
[BlackClock "00:06:00"]
[PlyCount "99"]
[WhiteFideId "16265912"]
[BlackFideId "16248015"]
[EventCountry "GER"]
[EventRounds "9"]
[EventType "swiss"]
[EventDate "2023.05.27"]

1. e4 {[%clk 01:30:59]} c6 {[%clk 01:30:45]} {[%emt 00:00:24]} 2. d4 {[%clk
01:31:24]} {[%emt 00:00:07]} d5 {[%clk 01:31:02]} {[%emt 00:00:20]} 3. e5
{[%clk 01:31:49]} {[%emt 00:00:08]} Bf5 {[%clk 01:31:20]} {[%emt 00:00:14]} 4.
h4 {[%clk 01:32:01]} {[%emt 00:00:14]} h5 {[%clk 01:31:20]} {[%emt 00:00:22]}
5. Bd3 {[%clk 01:29:48]} {[%emt 00:02:31]} Bxd3 {[%clk 01:30:17]} {[%emt
00:01:33]} 6. Qxd3 {[%clk 01:30:10]} {[%emt 00:00:09]} e6 {[%clk 01:29:09]}
{[%emt 00:01:37]} 7. Nf3 {[%clk 01:27:05]} {[%emt 00:03:35]} Nh6 {[%clk
01:26:21]} {[%emt 00:03:19]} 8. Nbd2 {[%clk 01:21:28]} {[%emt 00:06:06]} Nf5
{[%clk 01:14:24]} {[%emt 00:12:27]} 9. Nf1 {[%clk 01:18:06]} {[%emt 00:03:53]}
Be7 {[%clk 01:08:55]} {[%emt 00:05:58]} 10. g3 {[%clk 01:15:05]} {[%emt
00:03:31]} Nd7 {[%clk 00:59:01]} {[%emt 00:10:25]} 11. Ne3 {[%clk 01:12:18]}
{[%emt 00:03:17]} Nh6 {[%clk 00:55:21]} {[%emt 00:04:10]} 12. c3 {[%clk
01:02:54]} {[%emt 00:09:55]} c5 {[%clk 00:51:32]} {[%emt 00:04:19]} 13. Bd2
{[%clk 00:49:34]} {[%emt 00:13:49]} c4 {[%clk 00:49:24]} {[%emt 00:02:38]} 14.
Qc2 {[%clk 00:47:06]} {[%emt 00:02:58]} b5 {[%clk 00:47:04]} {[%emt 00:02:49]}
15. Ng2 {[%clk 00:45:00]} {[%emt 00:02:36]} Nf8 {[%clk 00:41:13]} {[%emt
00:06:21]} 16. Bg5 {[%clk 00:35:54]} {[%emt 00:09:37]} f6 {[%clk 00:31:09]}
{[%emt 00:10:34]} 17. Bd2 {[%clk 00:33:23]} {[%emt 00:03:01]} a5 {[%clk
00:29:16]} {[%emt 00:02:24]} 18. Nf4 {[%clk 00:32:27]} {[%emt 00:01:25]} Nf5
{[%clk 00:29:19]} {[%emt 00:00:27]} 19. Nxe6 {[%clk 00:27:58]} {[%emt
00:04:59]} Nxe6 {[%clk 00:23:24]} {[%emt 00:06:25]} 20. Qxf5 {[%clk 00:28:19]}
{[%emt 00:00:09]} Qd7 {[%clk 00:22:13]} {[%emt 00:01:41]} 21. O-O {[%clk
00:25:48]} {[%emt 00:03:00]} Kd8 {[%clk 00:19:40]} {[%emt 00:03:04]} 22. Rfe1
{[%clk 00:23:58]} {[%emt 00:02:21]} Ra6 {[%clk 00:16:42]} {[%emt 00:03:28]} 23.
Re2 {[%clk 00:20:24]} {[%emt 00:04:03]} Nf8 {[%clk 00:14:35]} {[%emt 00:02:37]}
24. Qxd7+ {[%clk 00:20:40]} {[%emt 00:00:14]} Kxd7 {[%clk 00:14:59]} {[%emt
00:00:07]} 25. Ne1 {[%clk 00:18:24]} {[%emt 00:02:45]} Ne6 {[%clk 00:14:56]}
{[%emt 00:00:33]} 26. Ng2 {[%clk 00:18:08]} {[%emt 00:00:45]} g5 {[%clk
00:13:18]} {[%emt 00:02:08]} 27. exf6 {[%clk 00:17:19]} {[%emt 00:01:20]} Bxf6
{[%clk 00:13:11]} {[%emt 00:00:37]} 28. hxg5 {[%clk 00:17:16]} {[%emt
00:00:33]} Nxg5 {[%clk 00:12:41]} {[%emt 00:01:00]} 29. Bxg5 {[%clk 00:17:30]}
{[%emt 00:00:16]} Bxg5 {[%clk 00:12:17]} {[%emt 00:00:54]} 30. Re5 {[%clk
00:17:46]} {[%emt 00:00:14]} Bd2 {[%clk 00:12:31]} {[%emt 00:00:16]} 31. Rd1
{[%clk 00:17:25]} {[%emt 00:00:51]} Bh6 {[%clk 00:11:32]} {[%emt 00:01:29]} 32.
Rxd5+ {[%clk 00:17:43]} {[%emt 00:00:12]} Kc6 {[%clk 00:11:37]} {[%emt
00:00:25]} 33. Rxh5 {[%clk 00:17:26]} {[%emt 00:00:47]} Raa8 {[%clk 00:11:45]}
{[%emt 00:00:22]} 34. Rc5+ {[%clk 00:16:31]} {[%emt 00:01:26]} Kb6 {[%clk
00:11:56]} {[%emt 00:00:18]} 35. Re1 {[%clk 00:16:39]} {[%emt 00:00:22]} Rhe8
{[%clk 00:11:04]} {[%emt 00:01:21]} 36. Rce5 {[%clk 00:16:24]} {[%emt
00:00:45]} Rxe5 {[%clk 00:10:44]} {[%emt 00:00:51]} 37. dxe5 {[%clk 00:15:11]}
{[%emt 00:01:43]} Re8 {[%clk 00:10:43]} {[%emt 00:00:31]} 38. f4 {[%clk
00:15:29]} {[%emt 00:00:12]} Bg7 {[%clk 00:11:02]} {[%emt 00:00:11]} 39. Ne3
{[%clk 00:14:54]} {[%emt 00:01:05]} Kc5 {[%clk 00:10:51]} {[%emt 00:00:42]} 40.
Rd1 {[%clk 00:14:36]} {[%emt 00:00:46]} Kc6 {[%clk 00:11:08]} {[%emt 00:00:14]}
41. Nf5 {[%clk 00:11:38]} {[%emt 00:03:27]} Bf8 {[%clk 00:11:02]} {[%emt
00:00:37]} 42. Nd4+ {[%clk 00:11:31]} {[%emt 00:00:37]} Kc5 {[%clk 00:10:47]}
{[%emt 00:00:45]} 43. Kf2 {[%clk 00:10:21]} {[%emt 00:01:39]} b4 {[%clk
00:10:40]} {[%emt 00:00:37]} 44. g4 {[%clk 00:09:40]} {[%emt 00:01:11]} Bg7
{[%clk 00:10:28]} {[%emt 00:00:42]} 45. Kf3 {[%clk 00:08:23]} {[%emt 00:01:46]}
Kb6 {[%clk 00:09:02]} {[%emt 00:01:57]} 46. Rh1 {[%clk 00:06:02]} {[%emt
00:02:52]} bxc3 {[%clk 00:08:21]} {[%emt 00:01:11]} 47. bxc3 {[%clk 00:06:25]}
{[%emt 00:00:07]} a4 {[%clk 00:05:51]} {[%emt 00:03:00]} 48. Rb1+ {[%clk
00:06:30]} {[%emt 00:00:25]} Ka5 {[%clk 00:05:52]} {[%emt 00:00:29]} 49. Rb5+
{[%clk 00:05:41]} {[%emt 00:01:19]} Ka6 {[%clk 00:06:00]} {[%emt 00:00:22]} 50.
Rb4 {[%clk 00:05:42]} {[%emt 00:00:28]} 1-0

[Event "DEM U16w 2023"]
[Site "Willingen GER"]
[Date "2023.05.29"]
[Round "3"]
[White "Englert, Lin"]
[Black "Reich, Elisabeth"]
[Result "0-1"]
[Termination "normal"]
[Board "7"]
[WhiteElo "1447"]
[BlackElo "1551"]
[WhiteClock "00:26:14"]
[BlackClock "00:24:15"]
[PlyCount "88"]
[WhiteFideId "16226410"]
[BlackFideId "16239776"]
[EventCountry "GER"]
[EventRounds "9"]
[EventType "swiss"]
[EventDate "2023.05.27"]

1. d4 {[%clk 01:30:59]} g6 {[%clk 01:30:55]} {[%emt 00:00:08]} 2. c4 {[%clk
01:31:25]} {[%emt 00:00:06]} Bg7 {[%clk 01:31:20]} {[%emt 00:00:07]} 3. Nc3
{[%clk 01:31:50]} {[%emt 00:00:10]} c5 {[%clk 01:31:42]} {[%emt 00:00:14]} 4.
d5 {[%clk 01:30:23]} {[%emt 00:01:40]} d6 {[%clk 01:32:06]} {[%emt 00:00:06]}
5. e4 {[%clk 01:29:06]} {[%emt 00:01:47]} e6 {[%clk 01:28:16]} {[%emt
00:04:20]} 6. Nge2 {[%clk 01:16:29]} {[%emt 00:13:07]} Ne7 {[%clk 01:26:03]}
{[%emt 00:02:42]} 7. f3 {[%clk 01:15:14]} {[%emt 00:01:46]} O-O {[%clk
01:23:42]} {[%emt 00:02:52]} 8. Bg5 {[%clk 01:12:59]} {[%emt 00:02:45]} f6
{[%clk 01:16:27]} {[%emt 00:07:45]} 9. Be3 {[%clk 01:13:12]} {[%emt 00:00:17]}
e5 {[%clk 01:16:45]} {[%emt 00:00:12]} 10. Qd2 {[%clk 01:05:11]} {[%emt
00:08:31]} f5 {[%clk 01:12:32]} {[%emt 00:04:41]} 11. Nc1 {[%clk 00:57:50]}
{[%emt 00:07:52]} f4 {[%clk 01:04:25]} {[%emt 00:08:37]} 12. Bf2 {[%clk
00:58:10]} {[%emt 00:00:10]} g5 {[%clk 01:02:35]} {[%emt 00:02:20]} 13. Be2
{[%clk 00:56:25]} {[%emt 00:02:14]} h5 {[%clk 00:56:59]} {[%emt 00:06:07]} 14.
Nd3 {[%clk 00:54:09]} {[%emt 00:02:47]} Nd7 {[%clk 00:52:05]} {[%emt 00:05:24]}
15. h4 {[%clk 00:47:40]} {[%emt 00:06:59]} Nb6 {[%clk 00:36:44]} {[%emt
00:15:51]} 16. hxg5 {[%clk 00:44:18]} {[%emt 00:03:53]} Nxc4 {[%clk 00:36:29]}
{[%emt 00:00:45]} 17. Qc2 {[%clk 00:44:17]} {[%emt 00:00:31]} Ng6 {[%clk
00:29:58]} {[%emt 00:07:00]} 18. Rxh5 {[%clk 00:42:10]} {[%emt 00:02:37]} Ne3
{[%clk 00:29:41]} {[%emt 00:00:46]} 19. Bxe3 {[%clk 00:40:48]} {[%emt
00:01:53]} fxe3 {[%clk 00:29:41]} {[%emt 00:00:30]} 20. O-O-O {[%clk 00:33:37]}
{[%emt 00:07:41]} c4 {[%clk 00:28:40]} {[%emt 00:01:31]} 21. Ne1 {[%clk
00:31:24]} {[%emt 00:02:43]} Nf4 {[%clk 00:28:54]} {[%emt 00:00:15]} 22. Rh1
{[%clk 00:30:53]} {[%emt 00:01:01]} Qxg5 {[%clk 00:29:14]} {[%emt 00:00:11]}
23. g4 {[%clk 00:24:57]} {[%emt 00:06:27]} a6 {[%clk 00:25:01]} {[%emt
00:04:42]} 24. Bxc4 {[%clk 00:20:52]} {[%emt 00:04:35]} b5 {[%clk 00:24:53]}
{[%emt 00:00:39]} 25. Bd3 {[%clk 00:20:45]} {[%emt 00:00:36]} Bd7 {[%clk
00:23:31]} {[%emt 00:01:51]} 26. Kb1 {[%clk 00:20:58]} {[%emt 00:00:18]} Rfc8
{[%clk 00:20:31]} {[%emt 00:03:30]} 27. Qb3 {[%clk 00:20:49]} {[%emt 00:00:40]}
Rab8 {[%clk 00:19:03]} {[%emt 00:01:57]} 28. Ne2 {[%clk 00:17:58]} {[%emt
00:03:20]} Qf6 {[%clk 00:13:51]} {[%emt 00:05:42]} 29. Ng3 {[%clk 00:13:30]}
{[%emt 00:05:00]} a5 {[%clk 00:12:43]} {[%emt 00:01:38]} 30. Bf1 {[%clk
00:12:42]} {[%emt 00:01:17]} Bh6 {[%clk 00:08:04]} {[%emt 00:05:09]} 31. Nh5
{[%clk 00:09:06]} {[%emt 00:04:06]} Nxh5 {[%clk 00:07:53]} {[%emt 00:00:41]}
32. Rxh5 {[%clk 00:09:23]} {[%emt 00:00:13]} b4 {[%clk 00:07:51]} {[%emt
00:00:31]} 33. Bc4 {[%clk 00:07:39]} {[%emt 00:02:14]} e2 {[%clk 00:06:28]}
{[%emt 00:01:54]} 34. Bxe2 {[%clk 00:07:22]} {[%emt 00:00:47]} a4 {[%clk
00:06:52]} {[%emt 00:00:07]} 35. Qd3 {[%clk 00:06:33]} {[%emt 00:01:19]} Bb5
{[%clk 00:07:15]} {[%emt 00:00:06]} 36. Rxh6 {[%clk 00:06:05]} {[%emt
00:00:58]} Qxh6 {[%clk 00:07:28]} {[%emt 00:00:16]} 37. Qd2 {[%clk 00:06:28]}
{[%emt 00:00:07]} Qxd2 {[%clk 00:06:44]} {[%emt 00:01:14]} 38. Rxd2 {[%clk
00:06:57]} {[%emt 00:00:01]} Bxe2 {[%clk 00:06:41]} {[%emt 00:00:32]} 39. Rxe2
{[%clk 00:07:27]} b3 {[%clk 00:05:27]} {[%emt 00:01:45]} 40. Ng2 {[%clk
00:05:08]} {[%emt 00:02:48]} Rc7 {[%clk 00:04:27]} {[%emt 00:01:29]} 41. Ne3
{[%clk 00:04:49]} {[%emt 00:00:51]} Rbc8 {[%clk 00:03:36]} {[%emt 00:01:20]}
42. Re1 {[%clk 00:04:38]} {[%emt 00:00:41]} Rd8 {[%clk 00:28:44]} {[%emt
00:05:22]} 43. Rg1 {[%clk 00:30:45]} {[%emt 00:04:23]} Rdc8 {[%clk 00:24:53]}
{[%emt 00:04:21]} 44. Nf5 {[%clk 00:26:14]} {[%emt 00:05:02]} Rc1+ {[%clk
00:24:15]} {[%emt 00:01:08]} 0-1

[Event "DEM U16w 2023"]
[Site "Willingen GER"]
[Date "2023.05.29"]
[Round "3"]
[White "Fetahovic, Sarah"]
[Black "Kern, Jennifer"]
[Result "1-0"]
[Termination "normal"]
[Board "8"]
[WhiteElo "1423"]
[BlackElo "1333"]
[WhiteClock "00:11:58"]
[BlackClock "00:23:04"]
[PlyCount "97"]
[WhiteFideId "34601546"]
[BlackFideId "16251350"]
[EventCountry "GER"]
[EventRounds "9"]
[EventType "swiss"]
[EventDate "2023.05.27"]

1. e4 {[%clk 01:30:56]} {[%emt 00:00:06]} e5 {[%clk 01:30:53]} {[%emt
00:00:12]} 2. Nf3 {[%clk 01:31:17]} {[%emt 00:00:14]} Nf6 {[%clk 01:31:00]}
{[%emt 00:00:32]} 3. Nc3 {[%clk 01:31:29]} {[%emt 00:00:18]} Bb4 {[%clk
01:30:59]} {[%emt 00:00:23]} 4. Bc4 {[%clk 01:29:32]} {[%emt 00:02:13]} Bxc3
{[%clk 01:25:20]} {[%emt 00:06:10]} 5. dxc3 {[%clk 01:28:50]} {[%emt 00:01:11]}
d6 {[%clk 01:23:21]} {[%emt 00:02:29]} 6. O-O {[%clk 01:24:11]} {[%emt
00:05:10]} Bg4 {[%clk 01:11:18]} {[%emt 00:12:33]} 7. Qd3 {[%clk 01:13:27]}
{[%emt 00:11:13]} Nbd7 {[%clk 01:10:36]} {[%emt 00:01:12]} 8. b4 {[%clk
01:06:58]} {[%emt 00:06:59]} O-O {[%clk 01:08:09]} {[%emt 00:02:57]} 9. Bd2
{[%clk 01:00:16]} {[%emt 00:07:12]} Nb6 {[%clk 01:06:13]} {[%emt 00:02:26]} 10.
Bb3 {[%clk 00:55:03]} {[%emt 00:05:43]} Re8 {[%clk 01:02:50]} {[%emt 00:03:53]}
11. c4 {[%clk 00:45:56]} {[%emt 00:09:37]} Nbd7 {[%clk 01:01:37]} {[%emt
00:01:43]} 12. Rae1 {[%clk 00:36:12]} {[%emt 00:10:14]} Qe7 {[%clk 00:57:21]}
{[%emt 00:04:46]} 13. h3 {[%clk 00:22:37]} {[%emt 00:14:05]} Bh5 {[%clk
00:51:27]} {[%emt 00:06:25]} 14. Nh2 {[%clk 00:17:51]} {[%emt 00:05:16]} a5
{[%clk 00:48:49]} {[%emt 00:03:09]} 15. c3 {[%clk 00:11:25]} {[%emt 00:06:56]}
Nf8 {[%clk 00:40:28]} {[%emt 00:08:50]} 16. Bg5 {[%clk 00:07:40]} {[%emt
00:04:15]} Ne6 {[%clk 00:38:39]} {[%emt 00:02:20]} 17. Be3 {[%clk 00:04:27]}
{[%emt 00:03:43]} Bg6 {[%clk 00:36:25]} {[%emt 00:02:43]} 18. Bd2 {[%clk
00:02:50]} {[%emt 00:02:07]} Nh5 {[%clk 00:32:24]} {[%emt 00:04:31]} 19. g3
{[%clk 00:02:15]} {[%emt 00:01:05]} Nf6 {[%clk 00:28:09]} {[%emt 00:04:46]} 20.
b5 {[%clk 00:02:11]} {[%emt 00:00:34]} Nc5 {[%clk 00:24:47]} {[%emt 00:03:51]}
21. Qe3 {[%clk 00:00:43]} {[%emt 00:01:58]} Nfxe4 {[%clk 00:22:05]} {[%emt
00:03:12]} 22. Bc2 {[%clk 00:00:47]} {[%emt 00:00:26]} Qd7 {[%clk 00:20:30]}
{[%emt 00:02:05]} 23. Kg2 {[%clk 00:00:52]} {[%emt 00:00:25]} d5 {[%clk
00:20:00]} {[%emt 00:01:00]} 24. f3 {[%clk 00:00:47]} {[%emt 00:00:35]} d4
{[%clk 00:17:23]} {[%emt 00:03:07]} 25. Qe2 {[%clk 00:00:46]} {[%emt 00:00:31]}
Nxd2 {[%clk 00:17:26]} {[%emt 00:00:27]} 26. Qxd2 {[%clk 00:01:05]} {[%emt
00:00:12]} d3 {[%clk 00:17:38]} {[%emt 00:00:18]} 27. Bb3 {[%clk 00:00:40]}
{[%emt 00:00:54]} a4 {[%clk 00:17:04]} {[%emt 00:01:05]} 28. Bd1 {[%clk
00:00:53]} {[%emt 00:00:17]} Rad8 {[%clk 00:16:28]} {[%emt 00:01:06]} 29. Ng4
{[%clk 00:00:53]} {[%emt 00:00:30]} e4 {[%clk 00:16:16]} {[%emt 00:00:42]} 30.
Ne3 {[%clk 00:00:37]} {[%emt 00:00:46]} c6 {[%clk 00:15:28]} {[%emt 00:01:18]}
31. b6 {[%clk 00:00:40]} {[%emt 00:00:28]} Re7 {[%clk 00:12:31]} {[%emt
00:03:26]} 32. f4 {[%clk 00:00:52]} {[%emt 00:00:18]} Rde8 {[%clk 00:12:12]}
{[%emt 00:00:50]} 33. f5 {[%clk 00:00:42]} {[%emt 00:00:39]} Bxf5 {[%clk
00:09:08]} {[%emt 00:03:35]} 34. Nxf5 {[%clk 00:00:55]} {[%emt 00:00:16]} Re5
{[%clk 00:09:05]} {[%emt 00:00:34]} 35. Bg4 {[%clk 00:01:00]} {[%emt 00:00:24]}
Ne6 {[%clk 00:08:05]} {[%emt 00:01:30]} 36. Nd4 {[%clk 00:00:41]} {[%emt
00:00:50]} c5 {[%clk 00:05:33]} {[%emt 00:03:02]} 37. Nxe6 {[%clk 00:00:50]}
{[%emt 00:00:20]} fxe6 {[%clk 00:05:45]} {[%emt 00:00:18]} 38. Rf4 {[%clk
00:00:44]} {[%emt 00:00:37]} Qc6 {[%clk 00:05:34]} {[%emt 00:00:41]} 39. Kh2
{[%clk 00:00:58]} {[%emt 00:00:15]} h5 {[%clk 00:05:04]} {[%emt 00:01:01]} 40.
Bf3 {[%clk 00:01:07]} {[%emt 00:00:20]} Qxb6 {[%clk 00:02:54]} {[%emt
00:02:41]} 41. Bxe4 {[%clk 00:20:35]} {[%emt 00:11:01]} Rd8 {[%clk 00:30:40]}
{[%emt 00:02:44]} 42. Bh7+ {[%clk 00:19:03]} {[%emt 00:02:02]} Kxh7 {[%clk
00:30:17]} {[%emt 00:00:53]} 43. Rxe5 {[%clk 00:19:24]} {[%emt 00:00:09]} a3
{[%clk 00:29:20]} {[%emt 00:01:27]} 44. Rxh5+ {[%clk 00:14:28]} {[%emt
00:05:26]} Kg6 {[%clk 00:26:39]} {[%emt 00:03:11]} 45. Rg4+ {[%clk 00:13:02]}
{[%emt 00:01:56]} Kf7 {[%clk 00:23:42]} {[%emt 00:03:28]} 46. Qf4+ {[%clk
00:10:57]} {[%emt 00:02:33]} Kg8 {[%clk 00:22:51]} {[%emt 00:01:22]} 47. Rxg7+
{[%clk 00:11:17]} {[%emt 00:00:11]} Kxg7 {[%clk 00:22:53]} {[%emt 00:00:28]}
48. Rg5+ {[%clk 00:11:37]} {[%emt 00:00:09]} Kh7 {[%clk 00:23:04]} {[%emt
00:00:19]} 49. Qh4# {[%clk 00:11:58]} {[%emt 00:00:09]} 1-0